000 00443nam a2200169Ia 4500
008 230917s9999||||xx |||||||||||||| ||und||
020 _cRS 995.00
040 _e5011724
_aMAIN
041 _aEnglish
082 _a327 M687P
100 _aMishra, M K
245 0 _aPramukh deson ki videsh neetiyan
260 _aDelhi
_bKalpana Prakashan
_c2020
300 _a256 p.
500 _a4437 20/01/2022 KKP22/204 21/01/2022 Main Budget
942 _cBK
999 _c4947
_d4947